LDR 01271naa#a2200229#i#450# 001 EN\\bibl\123251 005 20260601100856.1 011 ## _a2782-5957 100 ## _a20260529b2026####ek#y0engy0150####ca 102 ## _aRU 200 1# _aWEAR FEATURES OF THE NOZZLE FOCUSING TUBE OF THE HYDROABRASIVE INSTALLATION WHEN INTRODUCING SURFACTANTS _eJournal article 210 1# _aBryansk _cBryansk State Technical University _d2026 215 ## _a10 с. 608 ## _aJournal article _2local 675 ## _aОбработка резанием (снятием стружки).Резка (разделительные операции без образования стружки).Дробление и измельчение.Обработка листового материала.Изготовление резьбы и т.д. Способы (технология), инструменты, машины и приспособления. 621.9 _z 686 ## _aОбщая технология машиностроения. Обработка металлов. 345 _2bbk 700 #1 _aKozhus _gOlga Gennadyevna 700 #1 _aBarsukov _gGennady Valeryevich 700 #1 _aNozdrin _gEgor Dmitrievich 700 #1 _aTinyakova _gElizaveta Alekseevna 700 #1 _aZenkina _gPolina Nikitichna 856 4# _anaukaru.ru _u